| 000 | 00485nam a22001817a 4500 | ||
|---|---|---|---|
| 005 | 20240307144310.0 | ||
| 008 | 230919b |||||||| |||| 00| 0 eng d | ||
| 082 |
_a572 _bMCK-B |
||
| 100 | _aMckee trudy | ||
| 245 |
_aBiochemistry :The Molecular basis of life / _cJames R Mekes |
||
| 250 | _a3rd ed. | ||
| 260 |
_bThe mcgraw -hill _c2004 |
||
| 300 |
_a771p. P _bill; _c24 cm. |
||
| 500 | _aincludes index | ||
| 650 | _aMedical / Biochemistry | ||
| 700 | _aTrudy mekee | ||
| 999 |
_c33643 _d33643 |
||